000 00326nam a2200133 a 4500
005 20140414093838.0
008 110322s19uu xx uuu eng d
050 _aCT
_bBAL
245 _aBallroom music :
_bvol. 2.
260 _aPhilippines :
_bD' Concorde recording.
650 _aDancing
942 _cAVM
999 _c109137
_d109137